Confronting the Margaret Mead legacy : scholarship, empire, and the South Pacific

Αποθηκεύτηκε σε:
Λεπτομέρειες βιβλιογραφικής εγγραφής
Άλλοι συγγραφείς: Foerstel, Lenora 1929- (Επιμελητής έκδοσης), Gilliam, Angela 1936- (Επιμελητής έκδοσης)
Μορφή: Βιβλίο
Γλώσσα:English
Δημοσίευση: Philadelphia : Temple State Press, c1992
Θέματα:
Ετικέτες: Προσθήκη ετικέτας
Δεν υπάρχουν, Καταχωρήστε ετικέτα πρώτοι!

MARC

LEADER 00000nam a2200000 i 4500
001 1/90437
008 990927s1992 eng d
020 |a 1-56639-261-6 
035 |l 10053103 
040 |a GR-MY-UA  |b gre  |e aacr 
041 0 |a eng 
082 0 |a 306.0995 
245 1 0 |a Confronting the Margaret Mead legacy :  |b scholarship, empire, and the South Pacific /  |c edited by Lenora Foerstel and Angela Gilliam 
260 |a Philadelphia :   |b Temple State Press,   |c c1992 
300 |a 298 p. 
504 |a Includes bibliographical references and index 
600 1 0 |a Mead Margaret  |d 1901-1978. 
650 0 0 |a Ethnology  |z Oceania. 
650 0 0 |a Anthropology  |x Government policy  |z Oceania. 
700 1 |a Foerstel, Lenora  |d 1929-  |4 edt 
700 1 |a Gilliam, Angela  |d 1936-  |4 edt 
852 |a INST  |b LESVOS  |e 19990927  |h 306.0995 CON  |p 005100019344  |q 005100019344  |t BK  |y 4  |x 20191031 
901 |a BIBL1-1999-3 
909 |a Λ  |b 066468 
922 |a 1ΕΛΗ  |b 199906  |c ΚΠΣ/ΤΚΑ  |d ΠΑΠΑΣΩΤΗΡΙΟΥ 
950 |a 117-1998-07-12 
970 |a ΤΖΑΦΕΡΗ  |b ΕΥΑΓΓΕΛΙΑ  |z 1999/10/01